000 00791cab a2200265 4500
001 ABS60050
008 090401t1999 xxu||||| |||| 00| 0 eng d
035 _a(Sirsi) u90614
041 _aeng
100 _aRose, L.
245 _aRewards in tree planting
260 _c1999
350 _a0
490 _aFarmers' Weekly
_v130(1) 1 January 1999, 62(1)
520 _aHighlights the opportunity for the private investor to invest in land for new tree planting and benefit from the various grants available.
650 _aFARM WOODLAND PREMIUM SCHEME
650 _aFORESTRY AUTHORITY
650 _aGRANT AID
650 _aINVESTMENT OPPORTUNITIES
650 _aPLANTING INCENTIVES
650 _aTREE PLANTING
690 _aRURAL PRACTICE
942 _n0
948 _c08/01/1999
999 _c57464
_d57464